| 000 | 00000nam##2200000za#4500 |
| 001 | 9.625782 |
| 003 | CaOODSP |
| 005 | 20200421163418 |
| 007 | ta |
| 008 | 150406|2001||||xxc||||| f|0| 0 fre|d |
| 040 | |aCaOODSP|bfre |
| 043 | |an-cn--- |
| 086 | 1 |aNH18-23/78F |
| 110 | 2 |aSociété canadienne d'hypothèques et de logement. |
| 245 | 13|aLe projet Headwaters - plan conceptuel du quartier d'East Clayton |
| 260 | |aOttawa - Ontario : |bSociété canadienne d'hypothèques et de logement |c2001. |
| 300 | |a7p. : |bfigures, graphique, tableaux ; |c28 cm. |
| 490 | 1 |aLe point en recherche. Série socio-économique |v78 |
| 563 | |aDépliant |
| 590 | |a01-37|b2001-09-14 |
| 691 | 07|aDéveloppement durable|2gcpds |
| 775 | 08|tThe Headwaters Project - East Clayton neighbourhood concept plan |w(CaOODSP)9.615758 |
| 776 | 0#|tLe projet Headwaters : |w(CaOODSP)9.602184 |
| 830 | #0|aLe point en recherche. Série socio-économique ;|v78|w(CaOODSP)9.513180 |
| 986 | |aLNH 61170 |